000 00429nam a22001697a 4500
003 OSt
008 250711b |||||||| |||| 00| 0 eng d
020 _a9788180547058
082 _a519.5 GUF
100 _aGUPTA, S.C. and KAPOOR, V.K.
245 _aFundamentals of Applied Statistics
250 _aReprint
260 _aNew Delhi,
_bSultan Chand & Sons,
_c2024,
300 _aMisc.
650 _aPsychology
942 _2ddc
_cBK
999 _c13677
_d13677